Effects of conservation pits on growth and latex yield of Hevea brasiliensis (Record no. 52453)

MARC details
000 -LEADER
fixed length control field 00656nam a2200193Ia 4500
100 ## - MAIN ENTRY--AUTHOR NAME
Personal name George S.
245 #0 - TITLE STATEMENT
Title Effects of conservation pits on growth and latex yield of Hevea brasiliensis
260 ## - PUBLICATION, DISTRIBUTION, ETC. (IMPRINT)
Name of publisher In: Preprints of Papers. International Natural Rubber Conference, India 2005, 6-8 November 2005, Rubber Research Institute of India, Kottayam, Kerala, India, pp. 169-176.
Year of publication 2005
650 ## - SUBJECT ADDED ENTRY--TOPICAL TERM
Topical Term Conservation pit
650 ## - SUBJECT ADDED ENTRY--TOPICAL TERM
Topical Term Growth
650 ## - SUBJECT ADDED ENTRY--TOPICAL TERM
Topical Term Soil moisture
650 ## - SUBJECT ADDED ENTRY--TOPICAL TERM
Topical Term Yield
700 ## - ADDED ENTRY--PERSONAL NAME
Personal name John J.[a]
700 ## - ADDED ENTRY--PERSONAL NAME
Personal name Joseph P.
700 ## - ADDED ENTRY--PERSONAL NAME
Personal name Philip A.
700 ## - ADDED ENTRY--PERSONAL NAME
Personal name Punnoose K.I.
942 ## - ADDED ENTRY ELEMENTS (KOHA)
Koha item type Bibliography STAF
Holdings
Withdrawn status Lost status Damaged status Not for loan Home library Current library Date acquired Koha item type
      Bibliography RRII Library RRII Library 09/04/2014 Bibliography STAF